Statistics for Yugioh Classic Most Famous Cards

Click here to take the quiz!

General Stats

  • This quiz has been taken 1,358 times
  • The average score is 12 of 42

Answer Stats

Answer% Correct
Blue Eyes White Dragon
97%
Dark Magician
95%
Red Eyes Black Dragon
87%
Dark Magician Girl
74%
Exodia The Forbbiden One
66%
Obelisk The Tormentor
61%
The Winged Dragon Of Rá
60%
Slifer The Sky Dragon
56%
Kuriboh
52%
Time Wizard
45%
Blue-Eyes Ultimate Dragon
42%
Summoned Skull
41%
Gaia The Fierce Knight
36%
Harpie Lady
36%
Baby Dragon
35%
Celtic Guardian
32%
Monster Reborn
30%
Black Luster Soldier
29%
Pot Of Greed
28%
Toon World
27%
Relinquished
25%
Flame Swordsman
24%
Thousand Dragon
20%
Swords Of Revealing Light
18%
Magician Of Black Chaos
15%
Dark Hole
13%
Change Of Heart
12%
Gate Guardian
12%
Magic Cylinder
8%
Five-Headed Dragon
6%
Gearfried The Iron Knight
6%
Big Shield Gardna
5%
Harpie's Feather Duster
4%
Perfectly Ultimate Great Moth
4%
Graceful Dice
3%
The Legendary Fisherman
3%
Zoa
2%
Cosmo Queen
1%
Magic Jammer
1%
Meteor B. Dragon
1%
Millenium Shield
1%
Solemn Judgment
0%

Score Distribution

Percentile by Number Answered

Percent of People with Each Score

Your Score History

You have not taken this quiz